Domadora de autos / (Registro nro. 13661)
[ vista simple ]
| 000 -LIDER | |
|---|---|
| fixed length control field | 00820nam a22002537a 4500 |
| 003 - IDENTIFICACDOR DE NÚMERO DE CONTROL | |
| control field | DO-SdBNP |
| 005 - DATE AND TIME OF LATEST TRANSACTION | |
| control field | 20210823161331.0 |
| 008 - ELEMENTOS DE LONGITUD FIJA | |
| fixed length control field | 210818b 2017 dr |||| 00| 0 spa d |
| 020 ## - ISBN | |
| International Standard Book Number | 9789945503074 |
| 040 ## - FUENTE DE CATALOGACIÓN | |
| Agencia que crea de manera original el registro | BPMSU |
| Idioma de catalogación | Spa |
| Agencia que realiza la transcripción | BPMSU |
| 082 ## - NÚMERO DE CLASIFICACIÓN DECIMAL DE DEWEY | |
| Classification number | RD863.5 |
| Item number | B142d 2017 |
| Edition number | 22 |
| 100 ## - ASIENTO PRINCIPAL -- NOMBRE PERSONAL | |
| Nombre personal | Báez , Rodolfo |
| Fechas asociadas con el nombre | 1983- |
| 245 13 - MENCIÓN DE TITULO | |
| Título | Domadora de autos / |
| Mención de responsabilidad | Rodolfo Báez, |
| 260 ## - PUBLICACIÓN, DISTRIBUCIÓN, ETC. (PIE DE IMPRENTA) | |
| Lugar de publicación, distribución, etc | Santo Domingo : |
| Nombre del editor, distribuidor, etc. | Editora Nacional, |
| Fecha de publicación, distribución, etc | 2017. |
| 300 ## - DESCRIPCIÓN FÍSICA | |
| Extensión | 77 p ; |
| Dimensiones | 20 cm. |
| 490 0# - MENCIÓN DE SERIES | |
| Mención de serie | Narrrativa |
| 500 ## - NOTA GENERAL | |
| Nota general | Incluye datos biográficos del autor en la solapa de la cubierta |
| 590 ## - NOTA LOCAL | |
| Texto de la nota local | Invetariado,2021/VM |
| 650 #4 - ENCABEZAMIENTO DE MATERIA--TEMÁTICO | |
| Término temático o nombre geográfico como elemento de entrada | Cuentos dominicanos |
| 650 #4 - ENCABEZAMIENTO DE MATERIA--TEMÁTICO | |
| Término temático o nombre geográfico como elemento de entrada | Literatura juvenil dominicana |
| 711 2# - ASIENTO SECUNDARIO -- NOMBRE DE REUNIÓN | |
| Nombre de reunión o jurisdicción como elemento de entrada | Feria Regional del Libro |
| Número de la parte, sección o reunión | (13a : |
| Fecha de la reunión o acuerdo | 2017 : |
| Lugar de la reunión | Azua , República Dominicana ) |
| 910 ## - VALIDACIÓN | |
| Validación | Mcabrera / VMateo v. |
| 942 ## - ADDED ENTRY ELEMENTS (KOHA) | |
| Source of classification or shelving scheme | Dewey Decimal Classification |
| Koha item type | Libros |
| Withdrawn status | Lost status | Source of classification or shelving scheme | Damaged status | Not for loan | Collection code | Home library | Current library | Date acquired | Source of acquisition | Total Checkouts | Full call number | Barcode | Date last seen | Price effective from | Koha item type |
|---|---|---|---|---|---|---|---|---|---|---|---|---|---|---|---|
| Dewey Decimal Classification | Colección Dominicana | Biblioteca Pública Metropolitana Salomé Ureña | Biblioteca Pública Metropolitana Salomé Ureña | 08/23/2021 | Editora Nacional | BPMSU CD RD863.5 B142d 2017 | BPMSU21080084 | 08/23/2021 | 08/23/2021 | Libros |